| 000 | 00856cam a22002897a 4500 | ||
|---|---|---|---|
| 003 | CHAP | ||
| 005 | 20220329141410.0 | ||
| 008 | 971013s1972 r 00010 d | ||
| 010 | _a67531 | ||
| 011 | _a68503 | ||
| 035 | _a77975 | ||
| 040 | _cCHAP | ||
| 082 |
_a635.9 _bF54 |
||
| 100 | 0 | 0 |
_aFlemer, Willian. _941247 |
| 245 | 0 | _aNature's guide to successful gardening and landscaping | |
| 260 |
_aNew York : _bCrowell, _c1972 |
||
| 300 |
_a331 p. _b: ilus. |
||
| 590 |
_aBATCH-UPD _b10 _c20130110 _lUCH01 _h0742 |
||
| 590 |
_aBATCH-UPD _b10 _c20130410 _lUCH01 _h0423 |
||
| 590 |
_aBATCH-UPD _b10 _c20130914 _lUCH01 _h1415 |
||
| 590 |
_aCONVERSION _b10 _c20130109 _lUCH01 _h1337 |
||
| 650 | 1 | 4 |
_aJardinerÃa. _961143 |
| 650 | 1 | 4 |
_aPaisaje. _984761 |
| 901 | _aBK | ||
| 942 | _cLIBRO | ||
| 949 |
_a635.9 F54 _bBC _cLIBRO _d33724000249645 _eLIBRO _h72916 _i77975 _mD _si |
||
| 999 |
_c67531 _d67531 |
||